[Event "Gibraltar Masters 17th"]
[Site "Caleta"]
[Date "2019.01.31"]
[Round "10"]
[White "Movileanu, Daniela"]
[Black "Francois Haugrin, Said"]
[Result "1-0"]
[WhiteElo "2174"]
[BlackElo "1825"]
[PlyCount "63"]
[EventDate "2019.01.22"]
[EventType "swiss"]
[EventRounds "10"]
[EventCountry "GGB"]
[SourceTitle "CBM 188 Extra"]
[Source "ChessBase"]
[SourceDate "2019.02.28"]
[SourceVersion "1"]
[SourceVersionDate "2019.02.28"]
[SourceQuality "1"]

1. e4 c5 2. Nf3 Nc6 3. d4 cxd4 4. Nxd4 e5 5. Nb5 d6 6. c4 Be7 7. N5c3 f5 8. exf5 Bxf5 9. Bd3 Be6 10. Nd5 Nf6 11. Nbc3 0-0 12. 0-0 Nd4 13. b3 b5 14. Be3 bxc4 15. Bxc4 Nxd5 16. Nxd5 Nf5 17. Qd3 Kh8 18. Rad1 Bg5 19. Bd2 Nd4 20. f4 Bf5 21. Qc3 Rc8 22. Qb2 Bf6 23. Bc3 Nc6 24. Nxf6 gxf6 25. fxe5 fxe5 26. Qd2 Qb6+ 27. Kh1 Rcd8 28. Qh6 Qb8 29. Be1 Rd7 30. Bh4 Rg7 31. Bf6 Rxf6 32. Qxf6 1-0

[Event "Gibraltar Amateur op-B"]
[Site "Caleta"]
[Date "2019.01.28"]
[Round "3"]
[White "Francois Haugrin, Said"]
[Black "Cernuda Orejas, Victor Manuel"]
[Result "0-1"]
[WhiteElo "1825"]
[BlackElo "1893"]
[PlyCount "82"]
[EventDate "2019.01.26"]
[EventType "swiss"]
[EventRounds "5"]
[EventCountry "GGB"]
[SourceTitle "CBM 188 Extra"]
[Source "ChessBase"]
[SourceDate "2019.02.28"]
[SourceVersion "1"]
[SourceVersionDate "2019.02.28"]
[SourceQuality "1"]

1. e4 c6 2. d4 d5 3. e5 c5 4. c3 cxd4 5. cxd4 Nc6 6. Nc3 e6 7. Be3 Nge7 8. g4 h5 9. f3 hxg4 10. fxg4 Ng6 11. Nf3 Qb6 12. Qd2 Bd7 13. 0-0-0 Bb4 14. Kb1 Rc8 15. Rc1 Na5 16. h4 a6 17. Bd3 Ne7 18. Rhf1 Bb5 19. Bxb5+ axb5 20. b3 Bxc3 21. Rxc3 Rxc3 22. Qxc3 b4 23. Qd3 Qa6 24. Qxa6 bxa6 25. Bg5 Nac6 26. Rc1 Kd7 27. Kb2 Ng8 28. a3 f6 29. Bf4 Nh6 30. exf6 gxf6 31. g5 fxg5 32. Bxg5 Nf5 33. axb4 Rb8 34. Ne5+ Nxe5 35. dxe5 Rxb4 36. Rh1 Rg4 37. Bf6 Rg2+ 38. Ka3 Ng3 39. Rh3 Ne4 40. Rf3 Ke8 41. h5 Rh2 0-1

[Event "Gibraltar Masters 17th"]
[Site "Caleta"]
[Date "2019.01.27"]
[Round "6"]
[White "Obiamiwe, Paul"]
[Black "Francois Haugrin, Said"]
[Result "1/2-1/2"]
[WhiteElo "1903"]
[BlackElo "1825"]
[PlyCount "63"]
[EventDate "2019.01.22"]
[EventType "swiss"]
[EventRounds "10"]
[EventCountry "GGB"]
[SourceTitle "CBM 188 Extra"]
[Source "ChessBase"]
[SourceDate "2019.02.28"]
[SourceVersion "1"]
[SourceVersionDate "2019.02.28"]
[SourceQuality "1"]

1. Nf3 Nf6 2. c4 g6 3. Nc3 Bg7 4. e4 d6 5. d4 0-0 6. Be2 c5 7. 0-0 Bg4 8. Be3 Bxf3 9. Bxf3 cxd4 10. Bxd4 Nc6 11. Be3 Rc8 12. b3 a6 13. Rc1 Qa5 14. Qd2 b5 15. cxb5 axb5 16. Nd5 Qxd2 17. Bxd2 Nxd5 18. exd5 Nd4 19. Bd1 Rxc1 20. Bxc1 Rc8 21. Be3 Rc5 22. Bxd4 Bxd4 23. Bf3 Rc2 24. a4 bxa4 25. bxa4 Ra2 26. Bd1 Kg7 27. g3 Kf6 28. Kg2 Ke5 29. Kf3 Ra3+ 30. Kg4 Kxd5 31. Bf3+ Ke6 32. Bc6 1/2-1/2

[Event "Gibraltar Masters 17th"]
[Site "Caleta"]
[Date "2019.01.25"]
[Round "4"]
[White "Francois Haugrin, Said"]
[Black "Waddington, Mike P"]
[Result "0-1"]
[WhiteElo "1825"]
[BlackElo "2094"]
[PlyCount "76"]
[EventDate "2019.01.22"]
[EventType "swiss"]
[EventRounds "10"]
[EventCountry "GGB"]
[SourceTitle "CBM 188 Extra"]
[Source "ChessBase"]
[SourceDate "2019.02.28"]
[SourceVersion "1"]
[SourceVersionDate "2019.02.28"]
[SourceQuality "1"]

1. e4 e5 2. Nf3 f5 3. d4 fxe4 4. Nxe5 Nf6 5. Be2 d6 6. Ng4 Be7 7. 0-0 0-0 8. c4 Nc6 9. Nxf6+ Bxf6 10. Be3 Bf5 11. Nc3 Qd7 12. f4 exf3 13. Bxf3 Rae8 14. Bf2 Kh8 15. Nd5 Bg5 16. b4 Nd8 17. h4 Bf6 18. Nxf6 Rxf6 19. Qd2 Be4 20. Bh5 Ref8 21. Qe3 d5 22. Be2 Re8 23. Qc3 Bxg2 24. Bh5 Bxf1 25. Bxe8 Qxe8 26. Kxf1 Qf7 27. Qe3 dxc4 28. Rd1 c6 29. d5 cxd5 30. Qxa7 Ne6 31. Rxd5 h6 32. Rd2 Qg6 33. Qb8+ Kh7 34. Re2 Qb1+ 35. Re1 Qd3+ 36. Kg1 Qf3 37. Qh2 Nf4 38. h5 Nh3+ 0-1

[Event "Martinique-ch 34th"]
[Site "Le Lamentin"]
[Date "2018.05.11"]
[Round "7"]
[White "Marbot, Raymond"]
[Black "Francois Haugrin, Said"]
[Result "1-0"]
[WhiteElo "1673"]
[BlackElo "1789"]
[PlyCount "84"]
[EventDate "2018.05.05"]
[EventType "tourn"]
[EventRounds "11"]
[EventCountry "MFR"]
[SourceTitle "CBM 184 Extra"]
[Source "ChessBase"]
[SourceDate "2018.06.28"]
[SourceVersion "1"]
[SourceVersionDate "2018.06.28"]
[SourceQuality "1"]

1. e4 c5 2. Nf3 Nc6 3. d4 cxd4 4. Nxd4 e5 5. Nb5 d6 6. c4 Be7 7. N1c3 a6 8. Na3 f5 9. exf5 Bxf5 10. Bd3 Be6 11. Nc2 Nf6 12. 0-0 0-0 13. b3 Rc8 14. Bb2 Bg4 15. f3 Be6 16. Qe2 Nh5 17. Be4 Nf4 18. Qd1 Kh8 19. Nd5 Bxd5 20. Bxd5 Bg5 21. Bc1 Rf6 22. Kh1 Rh6 23. g3 Nxd5 24. Qxd5 Bxc1 25. Raxc1 Qg5 26. Kg1 Qh5 27. Rf2 Qh3 28. Rd1 Rf8 29. Rdd2 Rhf6 30. b4 Qf5 31. Kg2 Qd7 32. c5 Rd8 33. a3 Ne7 34. Qe4 Nc6 35. Rd5 Qc7 36. Rfd2 dxc5 37. Rxd8+ Nxd8 38. bxc5 Rc6 39. Qxe5 Ne6 40. Qd5 a5 41. Nd4 Nxd4 42. Qxd4 h6 1-0

[Event "Martinique-ch 34th"]
[Site "Le Lamentin"]
[Date "2018.05.10"]
[Round "6"]
[White "Francois Haugrin, Said"]
[Black "Alcindor, Samuel"]
[Result "0-1"]
[WhiteElo "1789"]
[BlackElo "1664"]
[PlyCount "144"]
[EventDate "2018.05.05"]
[EventType "tourn"]
[EventRounds "11"]
[EventCountry "MFR"]
[SourceTitle "CBM 184 Extra"]
[Source "ChessBase"]
[SourceDate "2018.06.28"]
[SourceVersion "1"]
[SourceVersionDate "2018.06.28"]
[SourceQuality "1"]

1. e4 c5 2. Nf3 Nc6 3. Bb5 d6 4. 0-0 Nf6 5. Re1 g6 6. d4 cxd4 7. Qxd4 Bd7 8. Bxc6 Bxc6 9. e5 dxe5 10. Qxe5 Bg7 11. Bg5 0-0 12. Qe2 Qa5 13. Nc3 Bxf3 14. Qxf3 Qxg5 15. Rxe7 Rfe8 16. Rxb7 Qd2 17. Rf1 Re1 18. g3 Rxf1+ 19. Kxf1 Qxc2 20. Kg2 Rd8 21. g4 Qd2 22. Rxa7 Qd4 23. Ra4 Qb6 24. b3 Rd4 25. Ra8+ Bf8 26. h3 Nd7 27. Re8 Qf6 28. Qa8 Rd3 29. Na4 Qh4 30. Re3 Rxe3 31. fxe3 Qe1 32. Qf3 Ne5 33. Qf2 Qxf2+ 34. Kxf2 Nd3+ 35. Kf3 Nc1 36. Nc3 Bg7 37. Nd5 Nxa2 38. h4 Nc3 39. Nb6 Kf8 40. Nc4 Ke7 41. e4 Ke6 42. Ke3 h5 43. g5 f6 44. Kf4 Nb5 45. Nd2 Nd6 46. Nf3 f5 47. exf5+ Nxf5 48. Ke4 Kd6 49. Kd3 Kc5 50. Ke4 Kd6 51. Kd3 Kd5 52. b4 Nd6 53. Nd2 Ke5 54. Ke3 Nf5+ 55. Kf3 Nxh4+ 56. Kg3 Nf5+ 57. Kf3 Bf8 58. b5 Nd4+ 59. Kg3 Nxb5 60. Nc4+ Kf5 61. Kh4 Bc5 62. Nd2 Nd4 63. Kh3 Be7 64. Nf1 Kxg5 65. Ne3 Bd6 66. Nc4 Bf4 67. Nb6 Kf5 68. Nd5 g5 69. Ne7+ Ke4 70. Ng6 Ne2 71. Ne7 Kf3 72. Nf5 Ng1# 0-1

[Event "Martinique-ch 34th"]
[Site "Le Lamentin"]
[Date "2018.05.06"]
[Round "3"]
[White "Lebon, Nicolas"]
[Black "Francois Haugrin, Said"]
[Result "0-1"]
[WhiteElo "1713"]
[BlackElo "1789"]
[PlyCount "82"]
[EventDate "2018.05.05"]
[EventType "tourn"]
[EventRounds "11"]
[EventCountry "MFR"]
[SourceTitle "CBM 184 Extra"]
[Source "ChessBase"]
[SourceDate "2018.06.28"]
[SourceVersion "1"]
[SourceVersionDate "2018.06.28"]
[SourceQuality "1"]

1. b3 d5 2. Bb2 c5 3. e3 Qc7 4. f4 Nf6 5. Nf3 Bg4 6. Bb5+ Nc6 7. 0-0 e6 8. d3 Bd6 9. Nbd2 0-0-0 10. Bxc6 Qxc6 11. Qe1 Bxf3 12. Nxf3 Rhg8 13. c4 Kb8 14. Qe2 h6 15. Ne5 Qe8 16. e4 Bc7 17. Rad1 Nd7 18. Nxd7+ Qxd7 19. cxd5 exd5 20. e5 g5 21. d4 cxd4 22. Bxd4 gxf4 23. Rxf4 Rde8 24. Qf2 Bxe5 25. Bxa7+ Ka8 26. Ra4 b5 27. Ra5 Bc3 28. Ra3 Bb4 29. Ra6 Qb7 30. Bc5+ Qxa6 31. Bxb4 Qb7 32. Bc5 Re4 33. b4 h5 34. Qf3 Reg4 35. Qa3+ Kb8 36. Bd6+ Kc8 37. Rc1+ Rc4 38. Qh3+ Qd7 39. Qxd7+ Kxd7 40. Rxc4 dxc4 41. Bc5 Ra8 0-1

[Event "Martinique-ch 34th"]
[Site "Le Lamentin"]
[Date "2018.05.05"]
[Round "2"]
[White "Francois Haugrin, Said"]
[Black "Guillaume, Marvin"]
[Result "1-0"]
[WhiteElo "1789"]
[BlackElo "1849"]
[PlyCount "123"]
[EventDate "2018.05.05"]
[EventType "tourn"]
[EventRounds "11"]
[EventCountry "MFR"]
[SourceTitle "CBM 184 Extra"]
[Source "ChessBase"]
[SourceDate "2018.06.28"]
[SourceVersion "1"]
[SourceVersionDate "2018.06.28"]
[SourceQuality "1"]

1. e4 d6 2. d4 Nf6 3. Nc3 g6 4. Be3 Bg7 5. Qd2 c6 6. 0-0-0 Nbd7 7. e5 dxe5 8. dxe5 Ng4 9. e6 fxe6 10. Bc4 Nxe3 11. Qxe3 Qb6 12. Qe2 Ne5 13. Bb3 0-0 14. Nh3 Nf7 15. f4 a5 16. a4 Bxc3 17. bxc3 Qc5 18. Qc4 Qxc4 19. Bxc4 Nd6 20. Bb3 c5 21. Rhe1 c4 22. Ba2 Ra6 23. Rd4 Rc6 24. Ng5 Rf6 25. Ne4 Rxf4 26. Nxd6 Rxd4 27. Nxc8 Rd7 28. Na7 Rc5 29. Rxe6 Kg7 30. Re4 Kf6 31. Bxc4 Rdc7 32. Bd3 Rxc3 33. Nb5 Rxd3 34. Nxc7 Rd7 35. Nb5 e5 36. g4 Kg5 37. h3 Kh4 38. Re3 Rf7 39. Nd6 Rf1+ 40. Kb2 Rh1 41. Nxb7 Rxh3 42. Rxh3+ Kxh3 43. c4 Kxg4 44. c5 Kf5 45. Kc2 h5 46. Kd2 g5 47. Ke2 h4 48. Kf2 g4 49. Nxa5 g3+ 50. Kg2 Kg4 51. Nc4 h3+ 52. Kg1 e4 53. c6 Kf3 54. Nd2+ Ke3 55. Nf1+ Kf3 56. Nxg3 Kxg3 57. c7 e3 58. c8Q e2 59. Qe6 h2+ 60. Kh1 Kf2 61. Qxe2+ Kxe2 62. a5 1-0

[Event "Gibraltar Amateur op-B"]
[Site "Caleta"]
[Date "2018.01.28"]
[Round "2"]
[White "Francois Haugrin, Said"]
[Black "Webel, Peter"]
[Result "1-0"]
[WhiteElo "1714"]
[BlackElo "1853"]
[PlyCount "55"]
[EventDate "2018.01.27"]
[EventType "swiss"]
[EventRounds "5"]
[EventCountry "GGB"]
[SourceTitle "EXT 2019"]
[Source "ChessBase"]
[SourceDate "2018.10.10"]
[SourceVersion "1"]
[SourceVersionDate "2018.10.10"]
[SourceQuality "1"]

1. e4 c5 2. Nf3 d6 3. d4 cxd4 4. Nxd4 Nf6 5. Nc3 a6 6. a4 e6 7. Be2 Be7 8. 0-0 0-0 9. Be3 Nbd7 10. Nb3 b6 11. f4 Nc5 12. Nxc5 dxc5 13. e5 Ne8 14. Qxd8 Bxd8 15. a5 g6 16. axb6 Bxb6 17. Na4 Ba7 18. Bxc5 Bxc5+ 19. Nxc5 Nc7 20. b3 Nd5 21. Bf3 Ra7 22. Bxd5 exd5 23. Rfd1 Rd8 24. Rd4 Rc7 25. b4 Rc6 26. c4 Be6 27. Rad1 Bg4 28. R1d2 1-0

[Event "Gibraltar Masters 16th"]
[Site "Caleta"]
[Date "2018.01.24"]
[Round "2"]
[White "Francois Haugrin, Said"]
[Black "Lochte, Thomas"]
[Result "0-1"]
[WhiteElo "1714"]
[BlackElo "2169"]
[PlyCount "88"]
[EventDate "2018.01.23"]
[EventType "swiss"]
[EventRounds "10"]
[EventCountry "GGB"]
[SourceTitle "CBM 183"]
[Source "ChessBase"]
[SourceDate "2018.03.14"]
[SourceVersion "1"]
[SourceVersionDate "2018.03.14"]
[SourceQuality "1"]

1. e4 e5 2. Nc3 Nf6 3. f4 d5 4. exd5 e4 5. Bb5+ c6 6. dxc6 bxc6 7. Bc4 Bc5 8. Na4 Bxg1 9. h3 Qd4 10. Qe2 Bh2 11. d3 Bg3+ 12. Kf1 0-0 13. Be3 exd3 14. cxd3 Qd6 15. Qf3 Be6 16. Qxg3 Bxc4 17. dxc4 Qd3+ 18. Kg1 Re8 19. Bf2 Qxc4 20. Nc3 Nbd7 21. Kh2 Nh5 22. Qg4 Qxf4+ 23. Qxf4 Nxf4 24. Rad1 Ne5 25. Bg3 Nfd3 26. Bxe5 Nxe5 27. Rhe1 Rab8 28. b3 f5 29. Na4 Rb7 30. Rf1 g6 31. Nc5 Rb5 32. Nd7 Re7 33. Nxe5 Rbxe5 34. Rd6 Re2 35. a4 Rb2 36. Rxc6 Ree2 37. Rg1 f4 38. Rc3 g5 39. Rf3 Kg7 40. h4 h6 41. hxg5 hxg5 42. Kh3 Kg6 43. g3 Kf5 44. gxf4 g4+ 0-1

[Event "Gibraltar Amateur op-A"]
[Site "Caleta"]
[Date "2018.01.23"]
[Round "2"]
[White "Francois Haugrin, Said"]
[Black "Gonzalez Pabollet, Jesus Maria"]
[Result "0-1"]
[WhiteElo "1714"]
[BlackElo "1852"]
[PlyCount "167"]
[EventDate "2018.01.22"]
[EventType "swiss"]
[EventRounds "5"]
[EventCountry "GGB"]
[SourceTitle "EXT 2019"]
[Source "ChessBase"]
[SourceDate "2018.10.10"]
[SourceVersion "1"]
[SourceVersionDate "2018.10.10"]
[SourceQuality "1"]

1. e4 c5 2. Nc3 e6 3. f4 Nc6 4. Nf3 a6 5. a4 b6 6. d4 cxd4 7. Nxd4 Bb7 8. Be2 Bb4 9. Nb3 Qh4+ 10. g3 Qe7 11. 0-0 Nf6 12. Bf3 d6 13. Be3 Qc7 14. Qe2 0-0 15. Qf2 Nd7 16. Ne2 Bc5 17. Nxc5 dxc5 18. c3 Na5 19. Rad1 Nc4 20. Bc1 Nf6 21. Qg2 Rad8 22. b3 Na5 23. e5 Bxf3 24. Qxf3 Nd5 25. c4 Nb4 26. Nc3 Nxb3 27. Ne4 Nd4 28. Qg4 Kh8 29. Ng5 h6 30. Qh5 Qb7 31. Be3 Nbc6 32. Ne4 Nf5 33. Nd6 Rxd6 34. Rxd6 Nxe3 35. Rf2 Nd4 36. Rb2 Nf3+ 37. Kf2 Nd1+ 38. Rxd1 Nd4 39. Rxd4 cxd4 40. Qf3 Qc7 41. Qd3 Rd8 42. h3 Qc6 43. Rb4 Qc5 44. Rb3 Qc6 45. Rb4 Qc5 46. Rb3 Qa5 47. Ra3 Qb4 48. Ke2 Qb2+ 49. Kf3 Qc1 50. Rb3 Qh1+ 51. Kf2 Qh2+ 52. Kf3 Qxh3 53. Rxb6 Qh1+ 54. Kf2 Qh2+ 55. Kf3 g6 56. c5 Qh1+ 57. Kf2 Qh2+ 58. Kf1 Qh1+ 59. Ke2 Qg2+ 60. Kd1 Qd5 61. Rd6 Qh1+ 62. Ke2 Qg2+ 63. Kd1 Qh1+ 64. Kc2 Rb8 65. Rb6 Rxb6 66. cxb6 Qc6+ 67. Kd2 Qxb6 68. Ke2 Qb2+ 69. Kf3 Qc3 70. Ke2 Qb2+ 71. Kf3 a5 72. Ke4 Kg7 73. Qxd4 Qxd4+ 74. Kxd4 f6 75. Kc5 fxe5 76. fxe5 h5 77. Kb5 g5 78. Kxa5 h4 79. gxh4 gxh4 80. Kb6 h3 81. a5 h2 82. a6 h1Q 83. a7 Qa8 84. Kc7 0-1

[Event "Vaujany op-B 8th"]
[Site "Vaujany"]
[Date "2017.07.20"]
[Round "8.11"]
[White "Weisz, Jacques"]
[Black "Francois Haugrin, Said"]
[Result "1-0"]
[WhiteElo "1743"]
[BlackElo "1515"]
[PlyCount "138"]
[EventDate "2017.07.13"]
[EventType "swiss"]
[EventRounds "9"]
[EventCountry "FRA"]
[SourceTitle "EXT 2020"]
[Source "ChessBase"]
[SourceDate "2019.10.17"]
[SourceVersion "1"]
[SourceVersionDate "2019.10.17"]
[SourceQuality "1"]

1. d4 Nf6 2. c4 c5 3. d5 b5 4. Nd2 bxc4 5. e4 d6 6. Bxc4 g6 7. b3 Bg7 8. Bb2 0-0 9. Ngf3 Bg4 10. 0-0 Qa5 11. Qc2 Nbd7 12. Rfe1 Qc7 13. h3 Bxf3 14. Nxf3 Nb6 15. Bf1 a5 16. Bb5 Rab8 17. a4 Nc8 18. Nd2 Na7 19. Bc4 Nd7 20. Bxg7 Kxg7 21. f4 Nb6 22. Qc3+ Kg8 23. Qxa5 Qd7 24. Qc3 Nxc4 25. Nxc4 Rb4 26. Rab1 Rfb8 27. Qd3 Qc7 28. f5 g5 29. Qg3 h6 30. h4 f6 31. hxg5 hxg5 32. Red1 Nc8 33. Qf3 Qd8 34. Re1 Qf8 35. Na5 Na7 36. Qh5 Qf7 37. Qe2 Qh7 38. Qa6 Kf7 39. Qxa7 Rh8 40. Nc4 Qh2+ 41. Kf2 Qf4+ 42. Ke2 Rh2 43. Kd3 Rxg2 44. Re3 Qf2 45. Nxd6+ Kg8 46. Qa8+ Kh7 47. Rh3+ Qh4 48. Rxh4+ gxh4 49. Nf7 Rg3+ 50. Kc2 Rg2+ 51. Kc3 Rg3+ 52. Kd2 Rd4+ 53. Kc2 Rg2+ 54. Kc3 Rg3+ 55. Kb2 Rg8 56. Qb7 Rxe4 57. d6 Re2+ 58. Ka3 exd6 59. Nxd6+ Rg7 60. Qf3 Rgg2 61. Qh5+ Kg8 62. Qf7+ Kh8 63. Qxf6+ Kg8 64. Qf7+ Kh8 65. Ra1 Rd2 66. Qf6+ Kg8 67. Ne4 Rde2 68. Ng5 Re7 69. Qxe7 Rf2 1-0

[Event "Vaujany op-B 8th"]
[Site "Vaujany"]
[Date "2017.07.13"]
[Round "1.16"]
[White "Francois Haugrin, Said"]
[Black "Kim, Yun Seo"]
[Result "0-1"]
[WhiteElo "1515"]
[BlackElo "1763"]
[PlyCount "98"]
[EventDate "2017.07.13"]
[EventType "swiss"]
[EventRounds "9"]
[EventCountry "FRA"]
[SourceTitle "EXT 2020"]
[Source "ChessBase"]
[SourceDate "2019.10.17"]
[SourceVersion "1"]
[SourceVersionDate "2019.10.17"]
[SourceQuality "1"]

1. e4 c5 2. Nf3 e6 3. d4 cxd4 4. Nxd4 Nc6 5. Nb5 d6 6. c4 Nf6 7. Bg5 a6 8. N5a3 Be7 9. Nc3 0-0 10. Be2 Qc7 11. 0-0 b6 12. Rc1 Bb7 13. Nc2 Ne5 14. Bxf6 Bxf6 15. Ne3 Nd7 16. Bd3 Nc5 17. f3 Bd4 18. Qd2 d5 19. Rce1 Bxe3+ 20. Qxe3 d4 21. Qxd4 Rfd8 22. Nd5 exd5 23. cxd5 Nxd3 24. Qxd3 Qc5+ 25. Kh1 Rac8 26. h3 Qd6 27. Rd1 Rc5 28. Qb3 Rb5 29. Qa4 Rxb2 30. f4 Qb4 31. Qxb4 Rxb4 32. Rfe1 f5 33. e5 Rxd5 34. Rc1 Re4 35. Rf1 Rd7 36. Rfd1 Red4 37. Re1 Re7 38. Rf1 Rd2 39. Rg1 Rxa2 40. Rcd1 b5 41. Rd8+ Kf7 42. Rd6 b4 43. Rb6 a5 44. e6+ Kf6 45. Rd1 Bxg2+ 46. Kg1 Rxe6 47. Rb5 Bxh3 48. Rc1 Bg4 49. Kf1 Be2+ 0-1